| 000 | 01893cam a2200481 4500 | ||
|---|---|---|---|
| 003 | PE-LiUPU | ||
| 005 | 20250731173509.0 | ||
| 020 | _a0802806856 | ||
| 035 | _a(Sirsi) i9780802806857 | ||
| 035 | _a(Sirsi) 17420 | ||
| 035 | _a(Sirsi) 17420 | ||
| 041 | _aen | ||
| 044 | _aus | ||
| 082 | 0 | 4 |
_a232.1 _bH71 |
| 100 | 1 | _aHolwerda, David Earl | |
| 245 |
_aJesus and Israel: one covenant or two? / _cDavid E. Holwerda. |
||
| 264 | 1 |
_aGrand Rapids, Michigan : _bWm. B. Eerdmans Publishing Co., _c1995 |
|
| 300 |
_a193 páginas ; _c23 cm. |
||
| 505 | 0 | _aJesus and Israel in the twentieth century -- Jesus and Israel: a question of identity -- Jesus and temple: a question of essence -- Jesus and the Land: a question of time and place -- Jesus and the law: a question of fulfillment -- A future for Jewish Israel? -- Universal and particular fulfillment? | |
| 526 | _aSEG42 | ||
| 526 | _aSEG41 | ||
| 526 | _aSEG40 | ||
| 526 | _aSEG39 | ||
| 526 | _aP94 | ||
| 526 | _aP87 | ||
| 526 | _aP86 | ||
| 526 | _aP85 | ||
| 526 | _aP77 | ||
| 526 | _aP76 | ||
| 526 | _aP35 | ||
| 600 | 0 |
_aJesucristo _xOpiniones sobre el judaísmo |
|
| 650 | 1 | 4 |
_aCristianismo y otras religiones _xJudaísmo _91491 |
| 942 |
_2ddc _cBOOK |
||
| 949 |
_a232.1 H71 _i42206 _lPOSTGRADO _mBUL _tLIBRO _o.STAFF. Posgrado |
||
| 949 |
_a232.1 H71 _i40572 _lPOSTGRADO _mBUL _tLIBRO _o.STAFF. Posgrado |
||
| 859 |
_q42206 _h232.1 _iH71 |
||
| 859 |
_q40572 _h232.1 _iH71 |
||
| 910 | _aaj-mt | ||
| 596 | _a1 | ||
| 999 |
_a232.1 H71 _wDEWEY _c58356 _i42206 _f2021-11-10 _g5 _lCCODEBUL1 _mBUL _r0 _sY _tBOOK _u2015-6-16 _xTEOLOGIA _zUNKNOWN _0COMPRA _o.STAFF. Colección General _d58356 |
||
| 999 |
_a232.1 H71 _wDEWEY _c2 _i40572 _f2021-11-10 _g5 _lCCODEBUL1 _mBUL _r0 _sY _tBOOK _u2015-6-16 _xTEOLOGIA _zUNKNOWN _0COMPRA _o.STAFF. Colección General |
||
| 980 |
_81 _gALBERTO SANCHEZ Responsable de Automatización |
||